[Rezension von: Pini, Ingo, Minoische Gräberkunde]

Gespeichert in:
Bibliographische Detailangaben
Veröffentlicht in:Bonner Jahrbücher des Rheinischen Landesmuseums in Bonn und des Rheinischen Amtes für Bodendenkmalpflege im Landschaftsverband Rheinland und des Vereins von Altertumsfreunden im Rheinlande 170(1970), Seite 480-489
VerfasserIn: Andronikos, Manolēs (VerfasserIn)
Dokumenttyp: Online-Ressource Aufsatz
Sprache:German
Veröffentlicht: Kevelaer, Rhld. : Verlag Butzon & Berker , 1970
Schlagwörter:
Online Zugang:kostenfrei
kostenfrei
Bibliogr. Hinweis:Enthalten in: Bonner Jahrbücher des Rheinischen Landesmuseums in Bonn und des Rheinischen Amtes für Bodendenkmalpflege im Landschaftsverband Rheinland und des Vereins von Altertumsfreunden im Rheinlande
Rezension von: Beiträge zur minoischen Graeberkunde
Verantwortlich:M. Andronikos, Thessaloniki
LEADER 02723caa a2200493 c 4500
001 1758180218
003 DE-627
005 20240426095645.0
007 cr cn 008aaaaa
008 210519s1970 xx |||||oo 00| ||ger c
024 7 |a 10.11588/bjb.1970.1.80525  |2 doi 
035 |a (DE-627)1758180218 
035 |a (DE-599)KXP1758180218 
035 |a (OCoLC)1264420235 
040 |a DE-627  |b ger  |c DE-627  |e rda 
041 |a ger 
084 |a ALT-KA  |q DE-16  |2 fid 
100 1 |a Andronikos, Manolēs  |d 1919-1992  |e VerfasserIn  |0 (DE-588)118965980  |0 (DE-627)079745938  |0 (DE-576)16008296X  |4 aut 
245 1 0 |a [Rezension von: Pini, Ingo, Minoische Gräberkunde]  |c M. Andronikos, Thessaloniki 
246 3 3 |a [Rezension von: Pini, Ingo, Beiträge zur minoischen Gräberkunde] 
264 1 |a Kevelaer, Rhld.  |b Verlag Butzon & Berker  |c 1970 
336 |a Text  |b txt  |2 rdacontent 
337 |a Computermedien  |b c  |2 rdamedia 
338 |a Online-Ressource  |b cr  |2 rdacarrier 
500 |a Elektronische Reproduktion der Druckausgabe 
533 |a Online-Ausgabe  |b Heidelberg  |c Propylaeum  |d 2021  |7 |2021|||||||||| 
655 7 |a Rezension  |0 (DE-588)4049712-4  |0 (DE-627)106186019  |0 (DE-576)209083166  |2 gnd-content 
689 0 0 |d s  |0 (DE-588)4074845-5  |0 (DE-627)106088203  |0 (DE-576)209195460  |a Minoische Kultur  |2 gnd 
689 0 1 |d s  |0 (DE-588)4071980-7  |0 (DE-627)104757221  |0 (DE-576)209185503  |a Gräberfeld  |2 gnd 
689 0 2 |d s  |0 (DE-588)4071507-3  |0 (DE-627)104642874  |0 (DE-576)209184205  |a Funde  |2 gnd 
689 0 |5 (DE-627) 
773 0 8 |i Enthalten in  |a Rheinisches Landesmuseum Bonn  |t Bonner Jahrbücher des Rheinischen Landesmuseums in Bonn und des Rheinischen Amtes für Bodendenkmalpflege im Landschaftsverband Rheinland und des Vereins von Altertumsfreunden im Rheinlande  |d Mainz : von Zabern, 2016  |g 170(1970), Seite 480-489  |h Online-Ressource  |w (DE-627)859177904  |w (DE-600)2855591-0  |w (DE-576)469558075  |x 2509-6265  |7 nnas 
773 1 8 |g volume:170  |g year:1970  |g pages:480-489 
787 0 8 |i Rezension von  |a Pini, Ingo, 1936 -   |t Beiträge zur minoischen Graeberkunde  |d Wiesbaden : Steiner, 1968  |h X, 110 S., [24], 3 Bl.  |w (DE-627)1075264189  |w (DE-576)005264189 
856 4 0 |u https://doi.org/10.11588/bjb.1970.1.80525  |x Verlag  |x Resolving-System  |z kostenfrei  |3 Volltext  |7 0 
856 4 0 |u https://journals.ub.uni-heidelberg.de/index.php/bjb/article/view/80525  |x Verlag  |z kostenfrei  |3 Volltext  |7 0 
951 |a AR 
994 |u https://journals.ub.uni-heidelberg.de/index.php/bjb/article/view/80525/74568 
994 |u https://journals.ub.uni-heidelberg.de/index.php/bjb/article/view/80525/74568 
990 |a Minoische Kultur 
990 |a Gräberfeld 
990 |a Funde 
991 |a Rezension (Monographie, Zeitschrift, Aufsatz) 
999 |a KXP-PPN1758180218  |e 4978416124